Statistiques concernant Frontières du Sénégal

Cliquez ici pour prendre le quiz!

Statistiques générales

  • Ce quiz a été pris 35 fois
  • Le résultat moyen est 5 sur 5

Statistiques - réponses

Pays % Correct
Gambie
97%
Guinée
97%
Mauritanie
97%
Mali
94%
Guinée-Bissau
84%

Distribution des résultats

Percentile par nombre de réponses

% des personnes avec chaque résultat

Votre développement - résultats

Vous n’avez pas pris ce quiz